Megkezdik a rókusi iskola új emeletének berendezését
Elmentve itt :
| Dokumentumtípus: | Cikk |
|---|---|
| Megjelent: |
1960-08-26
|
| Sorozat: | Délmagyarország
|
| Kulcsszavak: | Iskolafelújítás Szeged-Rókus 1960 |
| Online Access: | http://dmarchiv.bibl.u-szeged.hu/54546 |
| LEADER | 00438nab a2200145 i 4500 | ||
|---|---|---|---|
| 001 | delm54546 | ||
| 005 | 20180927141905.0 | ||
| 008 | 180927s1960 hu o 0|| hun d | ||
| 040 | |a SZTE Délmagyarország Archívum |b hun | ||
| 041 | |a hun | ||
| 245 | 0 | 0 | |a Megkezdik a rókusi iskola új emeletének berendezését |h [elektronikus dokumentum] |
| 260 | |c 1960-08-26 | ||
| 300 | |a 1 | ||
| 490 | 0 | |a Délmagyarország | |
| 695 | |a Iskolafelújítás Szeged-Rókus 1960 | ||